Hříšný jako Brody

Saved in:
Bibliographic Details
Main Author Diamond, Jaine
Format Electronic eBook
LanguageCzech
Published Cosmopolis 2026
Edition1. elektronické vydání
Subjects
Online AccessDostupné v BOOKPORT po přihlášení pomocí eduID
ISBN978-80-271-8417-0
978-80-271-8418-7
978-80-271-5502-6
Physical Description1 online zdroj (384 stran)

Cover

LEADER 00000nam a2200000 i 4500
001 bkp14593
003 CZ-prgp
005 20260407112622.0
006 m o d
007 cr cn
008 260407s2026 xr o 000 1 cze
020 |a 978-80-271-8417-0  |c 382 Kč  |q (online ; pdf) 
020 |a 978-80-271-8418-7  |c 382 Kč  |q (online ; epub) 
020 |a 978-80-271-5502-6  |c 457 Kč  |q (print) 
040 |a Grada  |b cze  |e rda 
100 1 |a Diamond, Jaine 
245 1 0 |a Hříšný jako Brody  |c Jaine Diamond 
250 |a 1. elektronické vydání 
264 1 |b Cosmopolis  |c 2026 
300 |a 1 online zdroj (384 stran) 
336 |a text  |b txt  |2 rdacontent 
337 |a počítač  |b c  |2 rdamedia 
338 |a online zdroj  |b cr  |2 rdacarrier 
520 3 |a Jessa žije zdánlivě perfektní život jako modelka - má ale jedno tajemství. Před šesti lety utekla od vysněné kariéry textařky v bratrově kapele. Utekla také od Brodyho, jediného muže, kterého kdy milovala. Toho její odchod zlomil, protože se nikdy nedozvěděl, proč ho opustila. Teď se Jessa vrací domů. A je jasné, že smíření nebude snadné. 
650 0 4 |a Erotické romány 
650 0 4 |a Milostné romány 
856 4 0 |u https://www.bookport.cz/AccountSaml/SignIn/?idp=https://shibboleth.utb.cz/idp/shibboleth&returnUrl=/kniha/hrisny-jako-brody-15921/  |y Dostupné v BOOKPORT po přihlášení pomocí eduID